000 00585cam a22002053a 4500
001 45664
003 PGUSA
005 20140828084046.0
008 140516s2014||||xxu|||||s|||||000 | eng d
040 _aPGUSA
_beng
042 _adc
100 1 _aKempner, Friederike
245 1 0 _aGedichte :
_bSechste vermehrte Auflage
_h[electronic resource] /
_cFriederike Kempner
260 _bProject Gutenberg,
_c2014
506 _aPublic domain in the USA.
516 _aElectronic text
830 0 _aProject Gutenberg
_v45664
856 4 0 _uhttp://www.gutenberg.org/ebooks/45664
942 _cEB
999 _c274914
_d274914